Statistiques concernant Quiz sur la patisserie

Cliquez ici pour prendre le quiz!

Statistiques générales

  • Ce quiz a été pris 238 fois
  • Le résultat moyen est 8 sur 15

Statistiques - réponses

Réponse% Correct
Eclair
99%
Fraisier
90%
Brioche
88%
Fôret Noire
88%
Macarons
87%
Mille-Feuille
87%
Opéra
72%
Paris Brest
68%
Saint Honoré
41%
Kouign Amann
23%
Moka
21%
Merveilleux
19%
Pastels de nata
6%
Succès
6%
Courchevel
3%

Distribution des résultats

Percentile par nombre de réponses

% des personnes avec chaque résultat

Votre développement - résultats

Vous n’avez pas pris ce quiz